[Event "Kolkata Bengal op"]
[Site "Kolkata"]
[Date "2019.03.16"]
[Round "3"]
[White "Dhritabrata, Kundu"]
[Black "Arpan, Das Jr"]
[Result "0-1"]
[WhiteElo "1473"]
[BlackElo "2147"]
[PlyCount "98"]
[EventDate "2019.03.15"]
[EventType "swiss"]
[EventRounds "9"]
[EventCountry "IND"]
[SourceTitle "CBM 190 Extra"]
[Source "ChessBase"]
[SourceDate "2019.07.15"]
[SourceVersion "1"]
[SourceVersionDate "2019.07.15"]
[SourceQuality "1"]

1. e4 c5 2. Nf3 d6 3. d4 cxd4 4. Nxd4 Nf6 5. Nc3 g6 6. Be3 a6 7. f3 b5 8. a3 Bb7 9. Qd2 Nbd7 10. Be2 Bg7 11. 0-0 0-0 12. Kh1 Nb6 13. Bh6 Bxh6 14. Qxh6 e5 15. Nb3 d5 16. exd5 Nfxd5 17. Ne4 Qe7 18. Nbc5 Bc6 19. Nd3 Nc4 20. Rfc1 Nd6 21. Nxd6 Qxd6 22. c4 Ne7 23. Qe3 bxc4 24. Nxe5 Nf5 25. Nxc4 Qf6 26. Qf4 Rad8 27. Rd1 Bb5 28. a4 Rxd1+ 29. Rxd1 Bxa4 30. Rd2 Bb5 31. Nd6 Bxe2 32. Nxf5 Bb5 33. Nh6+ Kg7 34. Qxf6+ Kxf6 35. Ng4+ Ke6 36. Kg1 f5 37. Ne3 Rc8 38. Kf2 Rc1 39. Nd5 Ke5 40. Ne3 f4 41. Ng4+ Ke6 42. g3 h5 43. Nh6 Kf6 44. g4 Kg5 45. Nf7+ Kh4 46. gxh5 Kh3 47. Re2 Bxe2 48. h6 Bb5 49. h7 Rf1# 0-1